000
00212 a2200109 4500
020
_a
9781442194824
041
_a
spa
100
_a
Kadir Nelson
245
_a
Por Favor Bebe por Favor
942
_c
BK
952
_7
1
999
_c
24213
_d
24213